| 000 | 01374nam a22003854i 4500 | ||
|---|---|---|---|
| 999 |
_c64272 _d64272 |
||
| 001 | 745297 | ||
| 003 | CO-MdFUSB | ||
| 005 | 20180404152913.0 | ||
| 008 | 091019t20101985tnu g b 000 0 eng d | ||
| 010 | _a 2010904491 | ||
| 020 | _a9780687659944 | ||
| 020 | _a0687659949 | ||
| 040 |
_aBTCTA _bspa _cCO-MdFUSB _dCO-MdFUSB _dDMM _dPTS _erda |
||
| 041 | _aeng | ||
| 049 | _aPTSS | ||
| 082 | 0 | 4 |
_224 _aG 251 _bC884p |
| 100 | 1 |
_aCraddock, Fred B. _eautor |
|
| 245 | 0 | 0 |
_aPreaching _c/ Fred B. Craddock. |
| 250 | _a25th anniversary ed. | ||
| 264 | 1 |
_aNashville : _bAbingdon Press, _c℗[2010] |
|
| 264 | 4 | _c©1985 | |
| 300 |
_a224 páginas ; _c23 cm. _b: |
||
| 336 |
_2rdacontent _atexto _btxt |
||
| 337 |
_2rdamedia _asin mediación _bn |
||
| 338 |
_2rdacarrier _avolumen _bnc |
||
| 504 | _aBibliografía (p. 223-224) | ||
| 505 | 0 | _aIntroducción -- El sermón en contexto -- Una teología de la predicación -- La vida de estudio -- Interpretación: los oyentes -- Interpretación: el texto -- Interpretación: entre el texto y el oyente -- Cualidades a ser buscadas en el sermón -- La formación del sermón -- Enriqueciendo la forma -- Entregando el sermón. | |
| 563 | _aRústica | ||
| 650 | 0 |
_aPredicación _954 |
|
| 720 | _aLong, Thomas G. | ||
| 942 | _cBK | ||